Southville International School and Colleges
Your cart is empty.
  • Cart
  • Lists
    Public lists Eva Luna New books Lux_list list_1
    Your lists Log in to create your own lists
  • Log in to your account
  • Your cookies
  • Search history
Southville International School and Colleges
  • Advanced search
  • Recent comments
  • Most popular
  • Libraries

Log in to your account

Log in with GOOGLE


If you do not have an external account, but do have a local account, you can still log in:

  1. Home
  2. MARC view: In search of excellence :
Normal view MARC view ISBD view

In search of excellence : (Record no. 12622)

[ view plain ]
MARC details
000 -LEADER
fixed length control field 00924cam a2200289 a 4500
001 - CONTROL NUMBER
control field 3752262
003 - CONTROL NUMBER IDENTIFIER
control field OSt
005 - DATE AND TIME OF LATEST TRANSACTION
control field 20160531133645.0
008 - FIXED-LENGTH DATA ELEMENTS--GENERAL INFORMATION
fixed length control field 820520s1982 nyu b 001 0 eng
010 ## - LIBRARY OF CONGRESS CONTROL NUMBER
LC control number 82047530
020 ## - INTERNATIONAL STANDARD BOOK NUMBER
International Standard Book Number 0060150424 :
Terms of availability $19.95
040 ## - CATALOGING SOURCE
Original cataloging agency DLC
Transcribing agency DLC
Modifying agency DLC
043 ## - GEOGRAPHIC AREA CODE
Geographic area code n-us---
050 00 - LIBRARY OF CONGRESS CALL NUMBER
Classification number HD 70
Item number .U5.P424 1982
082 00 - DEWEY DECIMAL CLASSIFICATION NUMBER
Classification number GLT 658.00973
Item number P44 1982
100 1# - MAIN ENTRY--PERSONAL NAME
Personal name Peters, Thomas J.
9 (RLIN) 12953
245 10 - TITLE STATEMENT
Title In search of excellence :
Remainder of title lessons from America's best-run companies /
Statement of responsibility, etc by Thomas J. Peters and Robert H. Waterman, Jr.
250 ## - EDITION STATEMENT
Edition statement 1st ed.
260 ## - PUBLICATION, DISTRIBUTION, ETC. (IMPRINT)
Place of publication, distribution, etc New York :
Name of publisher, distributor, etc Harper & Row,
Date of publication, distribution, etc 1982.
300 ## - PHYSICAL DESCRIPTION
Extent 360 p. ;
Dimensions 22 cm.
504 ## - BIBLIOGRAPHY, ETC. NOTE
Bibliography, etc Includes bibliographical references and index.
650 #0 - SUBJECT ADDED ENTRY--TOPICAL TERM
Topical term or geographic name as entry element Industrial management
Geographic subdivision United States.
9 (RLIN) 22707
700 1# - ADDED ENTRY--PERSONAL NAME
Personal name Waterman, Robert H.
9 (RLIN) 22708
906 ## - LOCAL DATA ELEMENT F, LDF (RLIN)
a 7
b cbc
c orignew
d 1
e ocip
f 19
g y-gencatlg
942 ## - ADDED ENTRY ELEMENTS (KOHA)
Source of classification or shelving scheme Library of Congress Classification
Koha item type Books
Holdings
Withdrawn status Lost status Source of classification or shelving scheme Damaged status Home library Current library Shelving location Date acquired Source of acquisition Total Checkouts Full call number Barcode Date last seen Copy number Price effective from Koha item type
    Library of Congress Classification   Luxembourg Library Luxembourg Library Genevive Ledesma - Tan Section 10/02/2013 Donation   HD 70.U5.P424 1982 12569 05/25/2015 1 10/02/2013 Books

In search of excellence :

APA

Peters T. J., Waterman R. H., . (1982). In search of excellence. New York: Harper & Row.

Chicago

Peters Thomas J, Waterman Robert H, . 1982. In search of excellence. New York: Harper & Row.

Harvard

Peters T. J., Waterman R. H., . (1982). In search of excellence. New York: Harper & Row.

MLA

Peters Thomas J, Waterman Robert H, . In search of excellence. New York: Harper & Row. 1982.

  • Place hold
  • Print
  • Cite
  • Add to your cart (remove)
  • Save record
    BIBTEX Dublin Core MARCXML MARC (non-Unicode/MARC-8) MARC (Unicode/UTF-8) MARC (Unicode/UTF-8, Standard) MODS (XML) RIS
  • More searches
    Search for this title in:
    Other Libraries (WorldCat) Other Databases (Google Scholar) Online Stores (Bookfinder.com) Open Library (openlibrary.org)

Exporting to Dublin Core...

SOUTHVILLE LIBRARY

Southville International School and Colleges Library

1281 Tropical Ave. Cor. Luxembourg St., BF Homes International, Las Pinas City

Tel. No. 8256374 / 252358 Loc. 117/146

Powered by Koha